Americká Rakona v roce nula.

Zhodnotenie privatizačného projektu priameho predaja čs. podniku zahraničnému záujemcovi. V prvej etape realizácie privatizačného projektu Američania získavajú 58 perc. účastín s predpokladom, že do r. 1994 získajú 100 perc. Výhody vyplývajúce zo zmluvy medzi Rakonou a Procter and Gamble.

Salvato in:
Dettagli Bibliografici
Autore principale: Adámková, Alena
Altri autori: Bautzová, Libuše
Natura: Capitolo di libro
Lingua:ceco
Soggetti:
Tags: Aggiungi Tag
Nessun Tag, puoi essere il primo ad aggiungerne!!

MARC

LEADER 00000naa a2200000 4500
001 r004787
005 20221125075935.9
041 0 |a cze 
044 |a [CS] 
245 1 0 |a Americká Rakona v roce nula.  |c A. Adámková, Libuše Bautzová 
520 |a Zhodnotenie privatizačného projektu priameho predaja čs. podniku zahraničnému záujemcovi. V prvej etape realizácie privatizačného projektu Američania získavajú 58 perc. účastín s predpokladom, že do r. 1994 získajú 100 perc. Výhody vyplývajúce zo zmluvy medzi Rakonou a Procter and Gamble. 
610 2 0 |a privatizácia 
610 2 0 |a ČSFR 
610 2 0 |a USA 
610 2 0 |a Rakona Rakovník 
610 2 0 |a projekty 
610 2 0 |a predaj priamy 
100 1 |a Adámková, Alena 
700 1 |a Bautzová, Libuše